000 00705nam a2200205Ia 4500
003 GCL
008 140319s9999 xx 000 0 ara d
040 _aGCL /
_cGCL
082 0 4 _a915.330
_bم ج
100 1 _aمحمود ابوالعلا
245 1 0 _aجغرافية شبه جزيرة العرب ج4 جغرافية اليمن الديمقراطية الشعبية /
_cمحمود ابوالعلا
260 _a[S.N] :
_bمكتبة الانجلوالمصرية ،
_c1989
300 _a256 ص
490 _a
650 0 4 _aالجغرافيا الطبيعية
650 0 4 _aشبه الجزيرة العربية
650 0 4 _aالقبائل
650 0 4 _aاليمن الجنوبى
942 _2ddc
_cBK
999 _c35913
_d35913